| 000 | 00603nam a2200205Ia 4500 | ||
|---|---|---|---|
| 005 | 20250425162747.0 | ||
| 008 | 250425s9999 xx 000 0 und d | ||
| 041 | _aspa | ||
| 082 | _a909 | ||
| 100 | _aPIRENNE, JACQUES | ||
| 245 | 0 | _aHISTORIA UNIVERSAL: LAS GRANDES CORRIENTES DE LA HISTORIA DESDE EL RENACIMIENTO HASTA LA FORMACIÓN DE LOS GRANDES ESTADOS CONTINENTALES DE EUROPA | |
| 250 | _a11A ED. | ||
| 260 | _aMEXICO | ||
| 260 |
_aMéxico _bCUMBRE _c1976 |
||
| 300 | _a506 | ||
| 650 | _aHISTORIA UNIVERSAL | ||
| 700 |
_aJULIO LOPEZ OLIVAN _etraductor |
||
| 942 | _c01 | ||
| 010 | _a106230 | ||
| 999 |
_c235876 _d235876 |
||